000 00715nam a2200181Ia 4500
999 _c15127
_d15127
082 _aTS.0989
100 _aSharma, Ajay Kumar
245 0 _aImpact of IRDP on economic status of SC and ST community ( special comp.) during past five years in district Fatehpur (with special reference to Teliyani Block)
250 _aUniversity of Allaha
260 _c2007
300 _a229
504 _aincludes appendices and bibliography
650 _aIntegrated Rural Develoment Programme
_vTeliyani Block
_zUttar Pradesh
650 _aIntegrated Rural Develoment Programme
_zDistrict Fatehpur
_zUttar Pradesh
650 _aScheduled castes and Scheduled tribes
_zUttar Pradesh
710 _aRai, U. S
942 _cTH
_2ddc